Champagne Coast - Blood Orange - All Lyrics - Statistics

General Stats
  • This quiz has been taken 124 times
  • The average score is 296 of 394
Answer Stats
Answer % Correct
I
96%
the
96%
me,
91%
me
91%
my
91%
Tell
91%
tell
91%
be
90%
perfect
90%
time?
89%
to
89%
you
89%
what
87%
nine?
86%
Come
84%
eight
84%
bedroom
83%
a
81%
never
81%
Finishing
80%
if
79%
what's
79%
or
76%
of
74%
pleased?
74%
giving
73%
into
73%
Hiding
71%
rainfall
71%
from
70%
waiting
70%
you're
70%
joy
69%
Told
69%
told
69%
go
64%
go)
64%
I'll
63%
I’ll
63%
let
63%
snow
61%
snow)
61%
baseball
59%
as
57%
Baby,
57%
On
57%
lover
56%
need
56%
strength
56%
against
54%
face
54%
last
53%
know
51%
know,
51%
will
51%
Young
49%
(Young
49%
So,
46%
Trading
44%
(Trading
44%
want
44%
all
33%
that
33%
believed
24%
No matching quizzes found
Score Distribution
Percent of People with Each Score
Percentile by Number Answered
Your Score History
You have not taken this quiz